000 00408nam a2200181Ia 4500
001 2874
005 20260306144839.0
008 260306t1987||||xx |||||||||||||| ||spa||
041 _aESP
082 _a231
_bI22
100 _aIbáñez, Javier
_eAUT
245 0 _aDios uno en esencia
260 _c1987
300 _a271 páginas :
_c21 cm.
650 _aGEN
654 _aCHU
942 _cLIB
_dJUS
_fJUS
_2ddc
_n
999 _c2874
_d2874